00362nam a2200133Ia 4500008004100000040001600041041001200057082001700069100002000086245006900106250001200175260003000187300001100217230917s9999||||xx |||||||||||||| ||und|| e78454aMAIN aEnglish a346.086 S34P aSrinivasan, M N 0aPrinciples of insurance law: life-fire marine motor and accident a5th ed. aBangalorebRamanujac1992 a498 p.